| 000 | 00535nam a22001457a 4500 | ||
|---|---|---|---|
| 003 | 0 | ||
| 005 | 20221017134915.0 | ||
| 008 | 221017b xxu||||| |||| 00| 0 eng d | ||
| 050 |
_aTE220.5 _b.M35 2019 |
||
| 245 |
_aPacific information technology improvement plan: implementing an on-line/real-time (OLRT) information system _cAlfredo S. Mallare, Jr. |
||
| 260 |
_aLas Pinas City, Philippines _bSouthville International School and Colleges _cC2019 |
||
| 300 |
_ax,137pp. _c28cm. _fTheses |
||
| 500 | _aInformation system. | ||
| 942 |
_2lcc _cTH |
||
| 999 |
_c364860 _d364860 |
||